Franz Kafka o la soledad /

Estudio sobre la obra de Franz Kafka, centrada en el análisis de la soledad como destino final, a partir del análisis de sus diarios.

Furkejuvvon:
Bibliográfalaš dieđut
Váldodahkki: Robert, Marthe (autor)
Materiálatiipa: Girji
Giella:espánnjágiella
Almmustuhtton: México : Fondo de Cultura Económica, 1985, c1982
Ráidu:(Colección Popular ; 229)
Fáttát:
Fáddágilkorat: Lasit fáddágilkoriid
Eai fáddágilkorat, Lasit vuosttaš fáddágilkora!

MARC

LEADER 00000nam^a2200000^a^4500
001 000316483
005 20250521000000.0
009 20260310113315.11
020 |a 968-16-1073-3 
025 |a Donación sin dato, 1 ejemplar 
037 |a Acervo ITESO - Biblioteca 
041 |a ESP 
082 |a 891. 8609  |b ROB 
100 |a Robert, Marthe  |e (autor) 
245 1 0 |a Franz Kafka o la soledad /  |c M. Robert ; tr. por Jorge Ferreiro Santana. 
264 4 |a México :  |b Fondo de Cultura Económica,  |c 1985, c1982 
300 |a 294 p. 
336 |a texto  |b txt  |2 rdacontenido 
337 |a sin mediación  |b n  |2 rdamedio 
338 |a volumen  |b nc  |2 rdasoporte 
440 1 |a (Colección Popular ;  |v 229) 
500 |a Traducción de: Seul, comme Franz Kafka 
520 |a Estudio sobre la obra de Franz Kafka, centrada en el análisis de la soledad como destino final, a partir del análisis de sus diarios. 
649 |a XX 
650 |a Escritores Checos 
650 |a Soledad en la Literatura -  |x Historia y Crítica -  |x Tema Principal 
650 |a Aislamiento Social en la Literatura 
650 |a Literatura Checa -  |y Siglo XX 
650 |a Literatura Checa -  |x Historia y Crítica 
650 |a Literatura en Alemán -  |z Checoslovaquia 
650 |a Literatura en Alemán -  |x Historia y Crítica 
650 |a Kafka, Franz -  |x Tema Principal 
910 |a Fondo General 
920 |a Impresos - Libros 
930 |a Colección General 
940 |a Literatura 
905 |a 101 
901 |a 0500203290  |b IT1  |c LIT  |i D  |u 20250521 
902 |a https://opac.biblio.iteso.mx/vufind/Record/000316483